000 00586ntaaa2200181 4500
003 01
005 20251027201521.0
008 0714s1973 ag 01
040 _aAR-BaBN
_bspa
_cAR-BaBN
_eaacr
_dRIC
082 _a039.4924 Ze6
245 _aTalmudic Encyclopedia
250 _a1 ed.
260 _as.l :
_bTalmudic Encyclopedia Pu. Ltd,
_c1957
500 _aUn digesto de litaratura Halachic y de las Leyes Judias dese el período Tanaítico hasta el tiempo presente. Volumen 8. En hebreo
650 _aEnciclopedia Talmudica
_913697
700 _aZevin, Shlomo Josef
_913698
942 _cBK
999 _c9714
_d9714